000 00791nam0a22002291 4500
001 rc\953610
005 20260406165249.0
035 _a(NLR Aleph) 006124713
090 _a5498158
_c5498158
100 _a20041129d1982 |||y0rusy50 ca
101 0 _arus
102 _aRU
105 _ay |||||||||
200 1 _aПоказатели работы животноводческих комплексов Эстонской ССР
_eНа 1 янв. 1982 г.
_fЦСУ ЭССР
210 _aТаллин
_cБ. и.
_d1982
215 _a[1], 168 с.
_d21х30
712 0 1 _aЭССР
_bЦентральное статистическое управление
_3RU\NLR\AUTH\889936659
_9368122
801 0 _aRU
_bNLR
_gpsbo
801 1 _aRU
_bELAR
_2rusmarc
852 _aNLR
_j82-8/1192
942 _cBOOK
980 _aNB